1593 1069 1676 1611 1920 1732 1210 1166 1812 1596 1840 1694 1902 1186 1053 1731 1168 1492 1930 1676 1349 1812 1744 1642 1691 1962 1639 1819 1234 1024 1083 1934 1555 1096 1528 1333 1178 1436 1123 1477 1316 1344 1095 1496 1168 1617 1276 1504 1977 1316 1371 1381 1795 1472 1897 1732 1389 1167 1238 1814 1184 1658 1982 1291 1761 1463 1256 1683 1662 1969 1104 1770 1776 1978 1601 1420 1222 1244 1238 1163 1143 1131 1470 1451 1969 1690 1120 1566 1397 1911 1335 1782 1408 1762 1563 1645 1551 1106 1591 BCNSPRNW ULIB Ver.6.0+V

เปลี่ยนเป็นภาษาไทย

Change to English
 แสดงรายละเอียดบรรณานุกรม
  กลับหน้าหลัก

Brief Record : Get Marc (ISO 2709) : E-mail record : QR code < ปิดหน้าต่าง
LEADER : 00000nam 2200000uu 4500
001    13399128053
003     ULIB
008    220202s2563||||th 000 0 tha d
020 ^  ^a9786160041169
050 ^  ^aนว^bก832ก
100 0  ^aเก้าแต้ม.
245 1  ^aกรงเล็บอินทรี /^cเก้าแต้ม.
250 ^  ^aพิมพ์ครั้งที่ 1.
260 ^  ^aกรุงเทพฯ :^bพิมพ์คำ,^c2563.
300 ^  ^a415 หน้า ;^c21 ซม.
650 ^  ^aนวนิยาย.
945    ^p290^l0^i29198
999    ^aกัณชพร จุลอักษร
รายการนี้ยังไม่มีแท็ก
คุณยังไม่ได้ล็อกอิน คุณสามารถมีกิจกรรมร่วมกับเว็บไซต์ได้ แต่ต้องล็อกอินก่อน ::
  ล็อกอิน

รายการสื่อสารสนเทศ

ลำดับที่ ประเภท เลขเรียก/บาร์โค้ด สถานที่ สถานะ
1. วิทยาศาสตร์การแพทย์ และสุขภาพ
วิทยาศาสตร์การแพทย์ และสุขภาพ
นว ก832ก ฉ.1 
  Barcode: 29198
ห้องสมุดวิทยาเขตนครสวรรค์
►นวนิยาย:l:Fiction
บนชั้น

รายการใกล้เคียง
    ผู้แต่ง [เก้าแต้ม.]

    หัวเรื่อง [นวนิยาย.]

BibComment


ยังไม่เคยถูกคอมเมนท์

คอมเมนท์ทรัพยากรรายการนี้
  คอมเมนท์: กรงเล็บอินทรี เ..


 Copyright 2026. Bcnsprnw @Library